000 00473nam a2200181Ia 4500
005 20250508162330.0
008 008 250505s9999 xx 000 0 hin d
037 _aTextual
040 _aFEDL
_beng
_cFEDL
041 _ahin
_2eng
084 _a801.95, APP
_qFEDL
100 _aAppaya Diksita
245 0 _aVritti-vartika
260 _aDelhi, India
_bIndu Prakashan
_c1977
300 _a110p.
942 _cTEXL
_h801.95, APP
999 _c1375890
_d1375890